Lindenberg v Canning and others (Record no. 40753)

MARC details
000 -LEADER
fixed length control field 01522cab a2200217 4500
001 - CONTROL NUMBER
control field ABS48178
008 - FIXED-LENGTH DATA ELEMENTS--GENERAL INFORMATION
fixed length control field 090401t1993 xxu||||| |||| 00| 0 eng d
035 ## - SYSTEM CONTROL NUMBER
System control number (Sirsi) u65353
041 ## - LANGUAGE CODE
Language code of text/sound track or separate title eng
245 ## - TITLE STATEMENT
Title Lindenberg v Canning and others
260 ## - PUBLICATION, DISTRIBUTION, ETC.
Date of publication, distribution, etc. 1993
350 ## - PRICE (NR) (BK AM CF MU VM SE) [OBSOLETE]
Price 0
490 ## - SERIES STATEMENT
Series statement Construction Law Journal
Volume/sequential designation 1993 CLJ 43-49(4)
520 ## - SUMMARY, ETC.
Summary, etc. HC 6 January 1993. L was a property developer employed to carry out some conversion work on a basement. A building surveyor prepared the drawings. These showed that the non-load bearing walls, including a chimney breast and denoted by broken lines, were to be demolished. In fact the walls were load bearing. Demolition began and no temporary propping was provided for the ceiling. The architect stopped the work and instructed C to shore up the ceiling but damage had already been caused to the floor of the flat above. L claimed that as a result he had to pay the owner of the building £289,560 in settlement of a claim under an indemnity agreement. C claimed they had taken down the walls in accorance with the plan and that if this was wrong L and the surveyor were at fault. It was held that the walls were load bearing and props should have been provided, that it was an implied term in C`s engagement that he would exercise the care to be expected by any competant builder and that the plan
650 ## - SUBJECT ADDED ENTRY--TOPICAL TERM
Topical term or geographic name entry element LOAD BEARING WALLS
650 ## - SUBJECT ADDED ENTRY--TOPICAL TERM
Topical term or geographic name entry element NEGLIGENCE
650 ## - SUBJECT ADDED ENTRY--TOPICAL TERM
Topical term or geographic name entry element PLANS
690 ## - LOCAL SUBJECT ADDED ENTRY--TOPICAL TERM (OCLC, RLIN)
Topical term or geographic name as entry element BUILDING AND CONSTRUCTION-CASE LAW
942 ## - ADDED ENTRY ELEMENTS (KOHA)
Suppress in OPAC 0
948 ## - LOCAL PROCESSING INFORMATION (OCLC); SERIES PART DESIGNATOR (RLIN)
c (OCLC) 04/03/1997
Holdings
Withdrawn status Lost status Source of classification or shelving scheme Damaged status Not for loan Home library Current library Shelving location Date acquired Total Checkouts Full call number Barcode Date last seen Copy number Price effective from Koha item type
    Dewey Decimal Classification     London London Journal article 14/09/1999   ABS48178 65353-1001 06/08/2019 1 06/08/2019 Law report